00946nam a22002537a 4500003000900000008004100009020001800050040007100068082001800139245012100157260005600278300004600334440004500380500002900425650001300454650003000467650002500497650002200522650002600544650001100570700003000581700003900611710004200650AR-CdUCM190220b ||||| |||| 00| 0 spa d a9789972515293 aMUNICIPALIDAD PROVINCIAL DEL CUSCOcBIBLIOTECA MUNICIPAL DEL CUSCO a985.04/I2bI2 aLa independencia del Perú :b¿Concedida, conseguida, concebida? /cCarlos Contreras, Luis Miguel Glave, editores. aLima :bInstituto de Estudios Peruanos, IEP,c2017. a491 páginas. :bilustraciones ;c23 cm. aSerie Estudios sobre el Bicentenario,n2 zIncluye bibliografías. aHistoria aEmancipación, 1808-1824 aAspectos políticos aAspectos sociales aPolítica y gobierno aPerú aContreras, Carlos, editor aGlave Testino, Luis Miguel, editor aInstituto de Estudios Peruanos (Lima)